| 000 | 00438nam a2200157Ia 4500 | ||
|---|---|---|---|
| 008 | 210716s2000 xx 000 0 und d | ||
| 020 | _a8178080443 | ||
| 041 | _aeng | ||
| 082 | _a005.73 HARD | ||
| 100 | _aHarel, David. | ||
| 245 |
_aAlgorithmics: the spirit of computing. _bThe spirit of computing. |
||
| 250 | _a2 | ||
| 260 |
_aNew Delhi _bAddison Wesley Longman _c2000 |
||
| 300 | _axv,476 | ||
| 650 | _aData Structures & Algorithms | ||
| 999 |
_c185056 _d185056 |
||